<?xml version='1.0' encoding='UTF-8'?>
  <record xmlns="http://www.loc.gov/MARC21/slim">
    <leader>00000cam a2200000Ma 4500</leader>
    <controlfield tag="001">ocn644423192</controlfield>
    <controlfield tag="003">OCoLC</controlfield>
    <controlfield tag="005">20231213210205.5</controlfield>
    <controlfield tag="008">990806s1649    fr            000 0 fre d</controlfield>
    <datafield tag="040" ind1=" " ind2=" ">
      <subfield code="a">EUM</subfield>
      <subfield code="b">eng</subfield>
      <subfield code="c">EUM</subfield>
      <subfield code="d">OCLCO</subfield>
      <subfield code="d">OCLCF</subfield>
      <subfield code="d">OCLCQ</subfield>
      <subfield code="d">OCLCO</subfield>
      <subfield code="d">OCL</subfield>
      <subfield code="d">QGJ</subfield>
      <subfield code="d">OCLCL</subfield>
    </datafield>
    <datafield tag="035" ind1=" " ind2=" ">
      <subfield code="a">(OCoLC)644423192</subfield>
    </datafield>
    <datafield tag="043" ind1=" " ind2=" ">
      <subfield code="a">e-fr---</subfield>
    </datafield>
    <datafield tag="245" ind1="0" ind2="0">
      <subfield code="a">Epitaphe de la venerable boutique d'vn maistre sauetier de la rue des prescheurs.</subfield>
    </datafield>
    <datafield tag="246" ind1="3" ind2=" ">
      <subfield code="a">Epitaphe de la venerable bovtiqve d'vn maistre savetier</subfield>
    </datafield>
    <datafield tag="260" ind1=" " ind2=" ">
      <subfield code="a">A Paris :</subfield>
      <subfield code="b">[publisher not identified],</subfield>
      <subfield code="c">M. DC. LXIX. [i.e. 1649]</subfield>
    </datafield>
    <datafield tag="300" ind1=" " ind2=" ">
      <subfield code="a">4 pages ;</subfield>
      <subfield code="c">22 cm (4to.)</subfield>
    </datafield>
    <datafield tag="336" ind1=" " ind2=" ">
      <subfield code="a">text</subfield>
      <subfield code="b">txt</subfield>
      <subfield code="2">rdacontent</subfield>
    </datafield>
    <datafield tag="337" ind1=" " ind2=" ">
      <subfield code="a">unmediated</subfield>
      <subfield code="b">n</subfield>
      <subfield code="2">rdamedia</subfield>
    </datafield>
    <datafield tag="338" ind1=" " ind2=" ">
      <subfield code="a">volume</subfield>
      <subfield code="b">nc</subfield>
      <subfield code="2">rdacarrier</subfield>
    </datafield>
    <datafield tag="340" ind1=" " ind2=" ">
      <subfield code="m">4to</subfield>
      <subfield code="2">rda</subfield>
    </datafield>
    <datafield tag="500" ind1=" " ind2=" ">
      <subfield code="a">In verse.</subfield>
    </datafield>
    <datafield tag="500" ind1=" " ind2=" ">
      <subfield code="a">Also issued as "Epitaphe de la sainte boutique ... "</subfield>
    </datafield>
    <datafield tag="510" ind1="4" ind2=" ">
      <subfield code="a">Moreau, C. Bibliographie des Mazarinades</subfield>
      <subfield code="c">1266 (note)</subfield>
    </datafield>
    <datafield tag="520" ind1=" " ind2=" ">
      <subfield code="a">Concerns Thomas Mouthié, cf. p.2, known as Sainte Boutique.</subfield>
    </datafield>
    <datafield tag="651" ind1=" " ind2="0">
      <subfield code="a">France</subfield>
      <subfield code="x">History</subfield>
      <subfield code="y">Louis XIV, 1643-1715.</subfield>
    </datafield>
    <datafield tag="600" ind1="1" ind2="4">
      <subfield code="a">Mouthié, Thomas,</subfield>
      <subfield code="d">-1649.</subfield>
    </datafield>
    <datafield tag="651" ind1=" " ind2="7">
      <subfield code="a">France.</subfield>
      <subfield code="2">fast</subfield>
      <subfield code="0">(OCoLC)fst01204289</subfield>
      <subfield code="1">https://id.oclc.org/worldcat/entity/E39PBJd8gD4vdtqQMdQHvYqbBP</subfield>
    </datafield>
    <datafield tag="648" ind1=" " ind2="7">
      <subfield code="a">1643-1715</subfield>
      <subfield code="2">fast</subfield>
    </datafield>
    <datafield tag="655" ind1=" " ind2="7">
      <subfield code="a">History.</subfield>
      <subfield code="2">fast</subfield>
      <subfield code="0">(OCoLC)fst01411628</subfield>
    </datafield>
    <datafield tag="740" ind1="0" ind2=" ">
      <subfield code="a">Epitaphe de la sainte boutique d'un maistre savetier de la rue des prescheurs.</subfield>
    </datafield>
    <datafield tag="752" ind1=" " ind2=" ">
      <subfield code="a">France</subfield>
      <subfield code="d">Paris.</subfield>
    </datafield>
  </record>